Great Scientists/ (Record no. 211862)
[ view plain ]
| 000 -LEADER | |
|---|---|
| fixed length control field | 00533nam a22001817a 4500 |
| 005 - DATE AND TIME OF LATEST TRANSACTION | |
| control field | 20250617123839.0 |
| 010 ## - LCCN (DPL NO) | |
| LC control number | ENG-145434 |
| 020 ## - INTERNATIONAL STANDARD BOOK NUMBER | |
| Terms of availability | 300.00 |
| International Standard Book Number | 8190273361 |
| 035 ## - SYSTEM CONTROL NUMBER | |
| System control number | EN-128966 |
| 037 ## - SOURCE OF ACQUISITION | |
| Source of stock number/acquisition | DBAD |
| 082 ## - DEWEY DECIMAL CLASSIFICATION NUMBER | |
| Classification number | 509.22 |
| 100 ## - MAIN ENTRY--PERSONAL NAME | |
| Personal name | Sharma, Monica C |
| 245 ## - TITLE STATEMENT | |
| Title | Great Scientists/ |
| Statement of responsibility, etc | Monica C Sharma |
| 260 ## - PUBLICATION, DISTRIBUTION, ETC. (IMPRINT) | |
| Place of publication, distribution, etc | Delhi |
| Name of publisher, distributor, etc | Excel Publication |
| Date of publication, distribution, etc | 2010 |
| 270 ## - ADDRESS | |
| City | Delhi |
| Address | 518/6B , Ist Floor,Karkari Road Vishwas Nagar,Shahdara |
| Postal code | 110032 |
| 300 ## - PHYSICAL DESCRIPTION | |
| Extent | 207p. |
| Dimensions | 22cm(pbk) |
| 942 ## - ADDED ENTRY ELEMENTS (KOHA) | |
| Source of classification or shelving scheme | Dewey Decimal Classification |
| Item type | English Books |
| Classification part | 509.22 |
| Call number suffix | SHA |
No items available.
